000 00519 a2200169 4500
003 Nust
005 20230130131520.0
040 _cNust
082 _a909.81,STE
100 _aSternberg,Fritz
_949429
245 _aThe Military and Industrial Revolution of our Time /
_cFritz Sternberg
260 _aLondon
_bAtlantic Books
300 _a359:p
505 _aPart 1: The Military Revolution (Page-3), Part 2: The Second Industrial Revolution (Page-111).
650 _aIndustrial Revolution
_9108058
942 _2ddc
_cBK
999 _c186243
_d186243